Library Banner

Audacious anglicans: (Record no. 90242)

MARC details
000 -LEADER
fixed length control field 00546nam a22001937a 4500
005 - DATE AND TIME OF LATEST TRANSACTION
control field 20170214105732.0
008 - FIXED-LENGTH DATA ELEMENTS--GENERAL INFORMATION
fixed length control field 170119b xxu||||| |||| 00| 0 eng d
020 ## - INTERNATIONAL STANDARD BOOK NUMBER
International Standard Book Number 9780980941302
040 ## - CATALOGING SOURCE
Transcribing agency PK-LaUMT
082 ## - DEWEY DECIMAL CLASSIFICATION NUMBER
Classification number 283.0922
Item number MOO-A
100 ## - MAIN ENTRY--PERSONAL NAME
Personal name Moore, Robert J.
245 ## - TITLE STATEMENT
Title Audacious anglicans:
Remainder of title heroes of the anglican communion/
Statement of responsibility, etc Robert J. Moore and Gerald T. Rayner
260 ## - PUBLICATION, DISTRIBUTION, ETC. (IMPRINT)
Place of publication, distribution, etc Picton:
Name of publisher, distributor, etc Bluejay,
Date of publication, distribution, etc 2008
300 ## - PHYSICAL DESCRIPTION
Extent 237 p.
546 ## - LANGUAGE NOTE
Language note en
650 ## - SUBJECT ADDED ENTRY--TOPICAL TERM
Topical term or geographic name as entry element Anglican communion-Biography
700 ## - ADDED ENTRY--PERSONAL NAME
Personal name Gerald T. rayner
942 ## - ADDED ENTRY ELEMENTS (KOHA)
Koha item type Books
Holdings
Withdrawn status Lost status Damaged status Home library Current library Date acquired Full call number Barcode Date last seen Price effective from Koha item type
      UMT Main Campus UMT Main Campus 2017-01-19 283.0922 MOO-A 105129 2017-01-19 2017-01-19 Books